000 01413nam a22003377a 4500
001 BRCA_9406
003 FranzMayer
005 20230918125430.0
008 230904b |||||||| |||| 00| 0 eng d
020 _a9788497855426
040 _aMFM
_bESPAÑOL
_cMFM
050 0 _aNX650.R56
_bB53 2008
110 1 _4Responsable
_aBiblioteca mexiquense del bicentenario
_929573
240 _aDon Isidro Fabela y la casa del Risco
_lEspañol
245 0 _aDon Isidro Fabela y la casa del Risco
260 _aEstado de México, México
_bInstituto mexiquense de la cultura
_c2000
300 _a268 p
_bIlustraciones a color
_c33 cm
500 _aAnexo 1
500 _aEl material se encuentra en pasta dura, con sobre cubierta exterior
505 _aTexto en: españolIncluye índice temáticoIncluye bibliografíaDirigido a: historiadores de arte mexicanos, arquitectos
650 1 _2Arquitectura
_aHistoria de la arquitectura
_vArquitectura mexicana
_929574
651 2 _2México
_aIsidro Fabela
_vCasa del Risco
_929575
700 1 _4Textos
_aRamos Medina, Manuel
_929576
700 1 _4Textos
_aVáldes, Ana Luisa
_929577
700 1 _4Textos
_aArmella de Aspe, Virginia
_929578
700 1 _4Textos
_aAmerlinck De Corsi, Concepción
_929579
700 1 _4Textos
_aJarquín Ortega, María Teresa
_929580
700 1 _4Foto
_aHinojosa, Javier
_929581
700 1 _4Foto
_aZabé, Michel
_929582
942 _2lcc
_cB
999 _c11028
_d11028